000 00419nam a22001697a 4500
003 SGT
005 20260629100725.0
020 _a9781285969905
082 _a616.024
_bH25L
100 _aLONGO, DAN L.
245 _aHARRISON'S PRINCIPLES OF INTERNAL MEDICINE 2 VOLUME SET
250 _a22ND
260 _aNEW YORK
_bMCGRAW HILL PUB
_c2025
300 _a1839,3999
650 _aGENERAL MEDICINE
942 _2ddc
_cBK
999 _c34980
_d34980